Primary colors : (Record no. 5513)
[ view plain ]
| 000 -LEADER | |
|---|---|
| fixed length control field | 00842nam a22002775i 4500 |
| 003 - CONTROL NUMBER IDENTIFIER | |
| control field | EG-ScBUE |
| 005 - DATE AND TIME OF LATEST TRANSACTION | |
| control field | 20210111140613.0 |
| 008 - FIXED-LENGTH DATA ELEMENTS--GENERAL INFORMATION | |
| fixed length control field | 200219s1996 enk g 000 f eng d |
| 020 ## - INTERNATIONAL STANDARD BOOK NUMBER | |
| International Standard Book Number | 0701165855 |
| 020 ## - INTERNATIONAL STANDARD BOOK NUMBER | |
| International Standard Book Number | 9780701165857 |
| 040 ## - CATALOGING SOURCE | |
| Original cataloging agency | EG-ScBUE |
| Language of cataloging | eng |
| Description conventions | rda |
| Transcribing agency | EG-ScBUE |
| Modifying agency | EG-ScBUE |
| 082 04 - DEWEY DECIMAL CLASSIFICATION NUMBER | |
| Classification number | 813.54 |
| Item number | KLE |
| Edition number | 22 |
| 100 1# - MAIN ENTRY--PERSONAL NAME | |
| Personal name | Klein, Joe, |
| Dates associated with a name | 1946- |
| Relator term | author. |
| 245 10 - TITLE STATEMENT | |
| Title | Primary colors : |
| Remainder of title | a novel of politics / |
| Statement of responsibility, etc | Anonymous. |
| 264 #1 - PUBLICATION, DISTRIBUTION, ETC. (IMPRINT) | |
| Place of publication, distribution, etc | New York : |
| Name of publisher, distributor, etc | Chatto & Windus, |
| Date of publication, distribution, etc | 1996. |
| 300 ## - PHYSICAL DESCRIPTION | |
| Extent | 366 pages ; |
| Dimensions | 25 cm |
| 336 ## - CONTENT TYPE | |
| Content type term | text |
| Content type code | txt |
| Source | rdacontent |
| 337 ## - MEDIA TYPE | |
| Media type term | unmediated |
| Media type code | n |
| Source | rdamedia |
| 338 ## - CARRIER TYPE | |
| Carrier type term | volume |
| Carrier type code | nc |
| Source | rdacarrier |
| 650 #7 - SUBJECT ADDED ENTRY--TOPICAL TERM | |
| Topical term or geographic name as entry element | Presidents |
| General subdivision | Election |
| Form subdivision | Fiction. |
| Source of heading or term | BUEsh |
| 650 #7 - SUBJECT ADDED ENTRY--TOPICAL TERM | |
| Topical term or geographic name as entry element | Political campaigns |
| Form subdivision | Fiction. |
| Source of heading or term | BUEsh |
| 651 ## - SUBJECT ADDED ENTRY--GEOGRAPHIC NAME | |
| Source of heading or term | BUEsh |
| 653 ## - INDEX TERM--UNCONTROLLED | |
| Resource For college | Humanities: English |
| Arrived date list | January2021 |
| 655 #7 - INDEX TERM--GENRE/FORM | |
| Genre/form data or focus term | Political fiction. |
| 942 ## - ADDED ENTRY ELEMENTS (KOHA) | |
| Koha item type | Book - Borrowing |
| Source of classification or shelving scheme | Dewey Decimal Classification |
| Withdrawn status | Lost status | Source of classification or shelving scheme | Damaged status | Not for loan | Collection code | Home library | Current library | Shelving location | Date acquired | Source of acquisition | Full call number | Barcode | Date last seen | Price effective from | Koha item type |
|---|---|---|---|---|---|---|---|---|---|---|---|---|---|---|---|
| Dewey Decimal Classification | Alahram | Central Library | Central Library | Second Floor | 30/10/2007 | Purchase | 813.54 KLE | 000006584 | 15/07/2025 | 30/10/2007 | Book - Borrowing | ||||
| Dewey Decimal Classification | Alahram | Central Library | Central Library | Second Floor | 08/01/2015 | Purchase | 813.54 KLE | 000008253 | 15/07/2025 | 15/01/2008 | NB - Book (Non borrowing) | ||||
| Dewey Decimal Classification | Alahram | Central Library | Central Library | Second Floor | 30/10/2007 | Purchase | 813.54 KLE | 000008977 | 15/07/2025 | 23/01/2008 | Book - Borrowing |